[Event "NWFD Ch 2019 Women"]
[Site "St. Petersburg"]
[Date "2019.03.15"]
[Round "9.1"]
[White "Emelyanova, Victoria"]
[Black "Komiagina, Maria"]
[Result "0-1"]
[WhiteElo "1862"]
[BlackElo "2234"]
[PlyCount "96"]
[EventDate "2019.03.07"]

1. d4 Nf6 2. c4 e6 3. Nc3 Bb4 4. e3 O-O 5. Nge2 Re8 6. a3 Bf8 7. Nf4 d6 8. Bd3
e5 9. dxe5 dxe5 10. Nfd5 Nfd7 11. O-O c6 12. Nb4 a5 13. Nba2 Nc5 14. Bc2 Qxd1
15. Rxd1 a4 16. Nb4 Be6 17. Nd3 Nbd7 18. e4 Bxc4 19. Be3 Nb3 20. Rab1 h6 21.
Nb4 Nf6 22. h3 Be6 23. Nd3 Nd7 24. Nxa4 Rxa4 25. Nc1 Ndc5 26. Bxc5 Nxc5 27.
Bxa4 Nxa4 28. Ne2 Bb3 29. Rd2 Nc5 30. Ng3 g6 31. Re1 h5 32. Nf1 Be7 33. g3 h4
34. g4 Ne6 35. Rd7 Nc5 36. Rd2 Kf8 37. Nh2 Bg5 38. Rde2 Nd3 39. Rb1 Bc1 40. f3
Nf4 41. Re1 Bd2 42. Rf1 g5 43. Kh1 Nxh3 44. Kg2 Nf4+ 45. Kf2 Ba5 46. Rh1 Rd8
47. Nf1 Bb6+ 48. Ke1 Ng2+ 0-1

[Event "NWFD Ch 2019 Women"]
[Site "St. Petersburg"]
[Date "2019.03.15"]
[Round "9.2"]
[White "Solozhenkina, Elizaveta"]
[Black "Litvinova, Kseniya"]
[Result "1-0"]
[WhiteElo "2328"]
[BlackElo "1699"]
[PlyCount "53"]
[EventDate "2019.03.07"]

1. Nf3 Nf6 2. g3 g6 3. d4 d5 4. Bg2 Bg7 5. O-O O-O 6. c3 Ne4 7. Nfd2 Bf5 8. Qb3
b6 9. Nxe4 Bxe4 10. Bxe4 dxe4 11. Nd2 e3 12. fxe3 Nd7 13. e4 c5 14. e5 cxd4 15.
cxd4 Rc8 16. Ne4 Nb8 17. Be3 Nc6 18. Rad1 Na5 19. Qd3 Nc4 20. Bc1 Qd7 21. b3
Na5 22. Ba3 Nc6 23. Ng5 f5 24. Qc4+ Kh8 25. Nf7+ Kg8 26. Nh6+ Kh8 27. Qg8+ 1-0

[Event "NWFD Ch 2019 Women"]
[Site "St. Petersburg"]
[Date "2019.03.15"]
[Round "9.3"]
[White "Kvachko, Anastasiya"]
[Black "Faizutdinova, Diana"]
[Result "0-1"]
[WhiteElo "1820"]
[BlackElo "2065"]
[PlyCount "146"]
[EventDate "2019.03.07"]

1. e4 c5 2. Nf3 Nf6 3. e5 Nd5 4. g3 d6 5. exd6 Qxd6 6. c3 Bg4 7. Bg2 Qe6+ 8.
Qe2 Qxe2+ 9. Kxe2 Nc6 10. h3 Bh5 11. Kf1 e6 12. Na3 Bg6 13. Ke2 Be7 14. Nc4 Rd8
15. Nce5 Nxe5 16. Nxe5 Bh5+ 17. Kf1 Bd6 18. Nf3 O-O 19. Kg1 b6 20. Kh2 Bg6 21.
d4 h6 22. Be3 Nxe3 23. fxe3 h5 24. Rhd1 f6 25. Rd2 Bf7 26. Rad1 c4 27. h4 Bg6
28. Bf1 Rc8 29. Bh3 Rce8 30. Rf2 b5 31. Nd2 a6 32. Bg2 e5 33. Bb7 Rb8 34. Bd5+
Kh8 35. Ne4 Bc7 36. Nc5 exd4 37. exd4 Rfd8 38. Bf3 Rb6 39. Re2 Bd6 40. Rde1 Bf7
41. Nb7 Rd7 42. Nc5 Rd8 43. Nb7 Rd7 44. Nxd6 Rbxd6 45. Re7 Kg8 46. Bb7 Rxe7 47.
Rxe7 g5 48. hxg5 fxg5 49. Re5 g4 50. Kg2 b4 51. Ra5 bxc3 52. bxc3 Rb6 53. Bxa6
Rb2+ 54. Kf1 Rc2 55. Ra3 Bd5 56. Bb5 h4 57. Ra6 h3 58. Bc6 Bxc6 59. Rxc6 Rc1+
60. Kf2 h2 61. Rh6 h1=Q 62. Rxh1 Rxh1 63. Ke3 Rc1 64. Kd2 Rg1 65. a4 Rxg3 66.
a5 Rd3+ 67. Kc2 Rf3 68. Kd2 g3 69. a6 Rf7 70. Ke2 g2 71. a7 Rxa7 72. Kf2 Ra2+
73. Kg1 Rc2 0-1

[Event "NWFD Ch 2019 Women"]
[Site "St. Petersburg"]
[Date "2019.03.15"]
[Round "9.4"]
[White "Ershova, Sofya"]
[Black "Gorenkova, Anna"]
[Result "1-0"]
[WhiteElo "1774"]
[BlackElo "1599"]
[PlyCount "69"]
[EventDate "2019.03.07"]

1. e4 d6 2. d4 g6 3. Nc3 Bg7 4. g3 Nd7 5. Bg2 e5 6. Nge2 Ne7 7. Be3 O-O 8. Qd2
f5 9. Bh6 c6 10. Rd1 Qe8 11. O-O Nf6 12. Bxg7 Kxg7 13. f4 exf4 14. e5 Ne4 15.
Qxf4 d5 16. a4 Be6 17. Qe3 h6 18. Nf4 Bf7 19. Nd3 b6 20. Ne2 g5 21. b3 Bh5 22.
Rde1 Ng6 23. Bh3 Qe6 24. Nf2 Qe7 25. Nxe4 Bxe2 26. Rxf5 g4 27. Rxf8 Rxf8 28.
Qxe2 gxh3 29. Nf6 Qe6 30. Rf1 c5 31. c3 Ne7 32. Nh5+ Kg8 33. Rxf8+ Kxf8 34.
Qf3+ Ke8 35. Ng7+ 1-0

[Event "NWFD Ch 2019 Women"]
[Site "St. Petersburg"]
[Date "2019.03.15"]
[Round "9.5"]
[White "Timakova, Maria"]
[Black "Satanovskaia, Evgeniia"]
[Result "1-0"]
[WhiteElo "1771"]
[BlackElo "1266"]
[PlyCount "53"]
[EventDate "2019.03.07"]

1. f4 Nf6 2. Nf3 d6 3. g3 Nc6 4. Bg2 e5 5. d3 exf4 6. Bxf4 d5 7. Nc3 Bd6 8. e4
Bxf4 9. gxf4 dxe4 10. dxe4 Be6 11. O-O O-O 12. Qe2 Nd4 13. Qf2 Nxf3+ 14. Qxf3
c6 15. Kh1 Qb6 16. b3 Rad8 17. f5 Bc8 18. e5 Nd7 19. Rae1 Rfe8 20. f6 Nxe5 21.
Rxe5 Rxe5 22. Qg3 g6 23. Qxe5 Qb4 24. Ne4 Bf5 25. Nc5 Qb6 26. Rxf5 gxf5 27.
Qg3+ 1-0

[Event "NWFD Ch 2019 Women"]
[Site "St. Petersburg"]
[Date "2019.03.15"]
[Round "9.6"]
[White "Kalinovskaya, Lyudmila"]
[Black "Baneva, Darina"]
[Result "1-0"]
[WhiteElo "1685"]
[BlackElo "1503"]
[PlyCount "61"]
[EventDate "2019.03.07"]

1. d4 Nf6 2. c4 e6 3. Bf4 Bb4+ 4. Nd2 d5 5. a3 Be7 6. e3 O-O 7. Ngf3 a5 8. h3
b6 9. Rc1 Bd6 10. Ne5 Nfd7 11. cxd5 exd5 12. Ndf3 Qe7 13. Bb5 Bb7 14. O-O Rc8
15. Rc3 c5 16. Qc2 Nf6 17. Qf5 Ne4 18. Rc2 g6 19. Qg4 f5 20. Qh4 Qxh4 21. Nxh4
Be7 22. Nhf3 c4 23. Nd7 Nxd7 24. Bxd7 Rd8 25. Be6+ Kg7 26. Bc7 Rf8 27. Ne5 Bc8
28. Bxd5 Ra6 29. Bxc4 Ra7 30. Bxb6 Rb7 31. Bxa5 1-0

[Event "NWFD Ch 2019 Women"]
[Site "St. Petersburg"]
[Date "2019.03.15"]
[Round "9.7"]
[White "Grigoryan, Sona"]
[Black "Shojhet, Sofiy"]
[Result "1-0"]
[WhiteElo "1388"]
[BlackElo "1850"]
[PlyCount "107"]
[EventDate "2019.03.07"]

1. d4 e6 2. c4 f5 3. Nc3 Nf6 4. Nf3 Be7 5. g3 d6 6. Bg2 c6 7. O-O O-O 8. a3 h6
9. Nh4 Qe8 10. d5 g5 11. dxc6 bxc6 12. Nf3 e5 13. c5 d5 14. Nxe5 Bxc5 15. Nd3
Bb6 16. b4 Nbd7 17. Bb2 Ne4 18. b5 Ndf6 19. Nb4 Ng4 20. Nxe4 fxe4 21. Bd4 Bb7
22. Bxb6 axb6 23. bxc6 Bxc6 24. Qd4 Rb8 25. Rac1 Ba8 26. Nxd5 Rd8 27. Bxe4 Qe6
28. Rc7 Rf7 29. Ne7+ Qxe7 30. Rxe7 Rxd4 31. Re8+ Rf8 32. Rxf8+ Kxf8 33. Bxa8
Ra4 34. Bf3 Ne5 35. Rb1 Nxf3+ 36. exf3 Rxa3 37. Rxb6 Kg7 38. Kg2 Ra4 39. Re6
Ra5 40. g4 Ra7 41. Kg3 Rf7 42. Re4 Kg6 43. f4 Ra7 44. f5+ Kf6 45. Re6+ Kg7 46.
h4 gxh4+ 47. Kxh4 Ra2 48. Kg3 Ra3+ 49. Re3 Ra4 50. Kh4 Ra2 51. Re7+ Kf6 52. Rh7
Rxf2 53. Rxh6+ Kg7 54. Rg6+ 1-0